000 00343nam a2200145Ia 4500
008 230917s9999||||xx |||||||||||||| ||und||
040 _e160267
_aMAIN
041 _aEnglish
082 _a647.94 A52H
100 _aAhmed, M N
245 0 _aHotel organisation
260 _aDelhi
_bAnmol Publications
_c2005
300 _a425 p.
942 _cBK
999 _c129458
_d129458